| 000 | 00807cam a2200241 a 4500 | ||
|---|---|---|---|
| 003 | PILC | ||
| 005 | 20150518104141.0 | ||
| 008 | 900306s1991 mau b 001 0 eng | ||
| 010 | _a90000380 | ||
| 020 | _a9710851314 | ||
| 050 | 0 | 0 |
_aHD 58.8 _b.B978 1992 |
| 100 | 1 | _aBushe, Gervase R. | |
| 245 | 1 | 0 |
_aParallel learning structures : _bincreasing innovation in bureaucracies / _cGervase R. Bushe, A. B. (Rami) Shani. |
| 260 |
_bAddison-Wesley Publishing Company, _c1992. |
||
| 300 |
_axx, 184 pages ; _c21 cm. |
||
| 440 | 0 | _aAddison-Wesley OD series. | |
| 440 | 0 | _aAddison-Wesley series on organization development. | |
| 500 | _aIncludes bibliographical references and index. | ||
| 650 | 0 | _aOrganizational change. | |
| 650 | 0 | _aBureaucracy. | |
| 700 | 1 | _aShani, Abraham B. | |
| 942 |
_2lcc _cBK _kFOR |
||
| 999 |
_c284007 _d284007 |
||